| 000 | 00766cab a2200229 4500 | ||
|---|---|---|---|
| 001 | ABS51465 | ||
| 008 | 090401t xxu||||| |||| 00| 0 eng d | ||
| 035 | _a(Sirsi) u28571 | ||
| 041 | _aeng | ||
| 100 | _aAsson, T. | ||
| 245 | _aOver-rented property: a short cut? | ||
| 350 | _a0 | ||
| 490 |
_aEstates Gazette _v(9436) 135-137(3) |
||
| 520 | _aAdvises on the problem of valuing over-rented property evaluating valuation techniques such as the basic top slice approach, top slice accounting, the short-cut DCF approach and the breakthrough method. | ||
| 650 | _aOVER-RENTED PROPERTY | ||
| 650 | _aSHORT-CUT DCF APPROACH | ||
| 650 | _aTOP SLICE METHOD | ||
| 650 | _aVALUATION METHODS | ||
| 690 | _aRATING AND VALUATION | ||
| 942 | _n0 | ||
| 948 | _c04/03/1997 | ||
| 999 |
_c19213 _d19213 |
||